| Tag |
First Indicator |
Second Indicator |
Subfields |
| LEADER |
00000cam a2200000 a 4500 |
| 001 |
in00000024795 |
| 005 |
20151007054413.0 |
| 008 |
810430s1980 caua bc 00110 eng |
| 010 |
|
|
|a 81103828
|
| 020 |
|
|
|a 093780830X (pbk.)
|
| 035 |
|
|
|a (OCoLC)07185723
|
| 035 |
|
|
|9 AAB4953AM
|
| 040 |
|
|
|a DLC
|c DLC
|d m/c
|d TXA
|d UtOrBLW
|
| 043 |
|
|
|a n------
|a s-pe---
|a s------
|
| 049 |
|
|
|a TXAM
|c [A11059962]
|
| 050 |
0 |
0 |
|a F3429.3.A5
|b S26 1980
|
| 082 |
0 |
|
|a 617/.514/0985
|2 19
|
| 110 |
2 |
|
|a San Diego Museum of Man.
|
| 245 |
1 |
0 |
|a Catalogue of the Hrdlička paleopathology collection /
|c descriptions by Charles F. Merbs ; photographs by Nancy R. Christensen ; foreword and glossary by Spencer L. Rogers ; edited by Rose A. Tyson and Elizabeth S. Dyer Alcauskas ; [cover photographs by Spencer L. Rogers].
|
| 264 |
|
1 |
|a San Diego, Calif. :
|b San Diego Museum of Man,
|c [1980]
|
| 264 |
|
4 |
|c ©1980
|
| 300 |
|
|
|a xii, 359 pages :
|b illustrations ;
|c 28 cm.
|
| 336 |
|
|
|a text
|b txt
|2 rdacontent
|
| 337 |
|
|
|a unmediated
|b n
|2 rdamedia
|
| 338 |
|
|
|a volume
|b nc
|2 rdacarrier
|
| 504 |
|
|
|a Bibliography: pages 327-330.
|
| 500 |
|
|
|a Includes indexes.
|
| 650 |
|
0 |
|a Indians of South America
|z Peru
|x Anthropometry
|x Private collections
|x Catalogs.
|
| 650 |
|
0 |
|a Indians
|x Anthropometry
|x Private collections
|v Catalogs.
|
| 650 |
|
0 |
|a Indians of South America
|z Peru
|x Antiquities
|x Private collections
|x Catalogs.
|
| 650 |
|
0 |
|a Indians
|x Antiquities
|x Private collections
|x Catalogs.
|
| 651 |
|
0 |
|a Peru
|x Antiquities
|x Private collections
|x Catalogs.
|
| 651 |
|
0 |
|a America
|x Antiquities
|x Private collections
|x Catalogs.
|
| 600 |
1 |
0 |
|a Hrdlička, Aleš,
|d 1869-1943
|x Archaeological collections
|x Catalogs.
|
| 610 |
2 |
0 |
|a San Diego Museum of Man
|x Catalogs.
|
| 700 |
1 |
|
|a Hrdlička, Aleš,
|d 1869-1943.
|
| 700 |
1 |
|
|a Merbs, C. F.
|
| 700 |
1 |
|
|a Christensen, Nancy R.
|
| 700 |
1 |
|
|a Tyson, Rose A.
|
| 700 |
1 |
|
|a Alcauskas, Elizabeth S. Dyer.
|
| 740 |
0 |
|
|a Hrdlička paleopathology collection.
|
| 999 |
|
|
|a MARS
|
| 999 |
f |
f |
|s 83005e58-bbe9-325e-a82e-ba54807807dd
|i 2f4050c9-23d4-3cf6-8236-e4f538f6d79f
|t 0
|
| 952 |
f |
f |
|p ric
|a Texas A&M University
|b Rellis Campus
|c Joint Library Facility
|d Remote Storage
|t 0
|e F3429.3.A5 S26 1980
|h Library of Congress classification
|i unmediated -- volume
|m A14811059962
|
| 998 |
f |
f |
|a F3429.3.A5 S26 1980
|t 0
|l Remote Storage
|